Tenants have unfair contract terms protection (Record no. 73630)
[ view plain ]
| 000 -LEADER | |
|---|---|
| fixed length control field | 01229cam a2200217 4500 |
| 001 - CONTROL NUMBER | |
| control field | WB3940-11 |
| 008 - FIXED-LENGTH DATA ELEMENTS--GENERAL INFORMATION | |
| fixed length control field | 031022n2003 000 0 eng u |
| 035 ## - SYSTEM CONTROL NUMBER | |
| System control number | (Sirsi) u123978 |
| 245 ## - TITLE STATEMENT | |
| Title | Tenants have unfair contract terms protection |
| 260 ## - PUBLICATION, DISTRIBUTION, ETC. | |
| Date of publication, distribution, etc. | 2003 |
| 490 ## - SERIES STATEMENT | |
| Series statement | OFT Press Release |
| Volume/sequential designation | (133/03) 21 October 2003, (2) |
| 520 ## - SUMMARY, ETC. | |
| Summary, etc. | In a case involving the London Borough of Newham and three tenants of Newham Council it was decided that the Unfair Terms in Consumer Contract Regulation (UTCCRs) did apply to tenancy agreements and other contracts relating to a transfer of an interest in land. The council had claimed that the UTCCRs did not apply to this area and the tenant was not a consumer. Permission to appeal was given to the Borough of Newham on the grounds that the case raised issues of public interest. For the OFT press release: http://www.oft.gov.uk/News/Press+releases/2003/PN+133-03.htm |
| 590 ## - LOCAL NOTE (RLIN) | |
| Local note | WB |
| 650 ## - SUBJECT ADDED ENTRY--TOPICAL TERM | |
| Topical term or geographic name entry element | OFFICE OF FAIR TRADING |
| 650 ## - SUBJECT ADDED ENTRY--TOPICAL TERM | |
| Topical term or geographic name entry element | UNFAIR TERMS IN CONSUMER CONTRACT REGULATIONS |
| 650 ## - SUBJECT ADDED ENTRY--TOPICAL TERM | |
| Topical term or geographic name entry element | NEWHAM LBC |
| 650 ## - SUBJECT ADDED ENTRY--TOPICAL TERM | |
| Topical term or geographic name entry element | HOMELESS PEOPLE |
| 650 ## - SUBJECT ADDED ENTRY--TOPICAL TERM | |
| Topical term or geographic name entry element | TENANCY AGREEMENTS |
| 690 ## - LOCAL SUBJECT ADDED ENTRY--TOPICAL TERM (OCLC, RLIN) | |
| Topical term or geographic name as entry element | PROPERTY-RESIDENTIAL PROPERTY-RESIDENTIAL LANDLORD AND TENANT-RESIDENTIAL TENANCIES |
| 942 ## - ADDED ENTRY ELEMENTS (KOHA) | |
| Suppress in OPAC | 0 |
| Withdrawn status | Lost status | Source of classification or shelving scheme | Damaged status | Not for loan | Home library | Current library | Shelving location | Date acquired | Total Checkouts | Full call number | Barcode | Date last seen | Copy number | Price effective from | Koha item type |
|---|---|---|---|---|---|---|---|---|---|---|---|---|---|---|---|
| Dewey Decimal Classification | London | London | News article | 22/10/2003 | WB3940-11 | 123978-1001 | 06/08/2019 | 1 | 06/08/2019 | News article |